|
|
|
|
| LEADER |
00000nab a2200000 a 4500 |
| 001 |
vtls000103917 |
| 003 |
SK-MaSNL |
| 005 |
20260303022429.0 |
| 008 |
150430c1981 xo 0 slo |
| 015 |
|
|
|a SNBRB19rr/mm-uuuuu
|
| 035 |
|
|
|a CL0114020
|
| 040 |
|
|
|a SNKBUCL
|b slo
|c SNKBUCL
|e AACR2
|
| 041 |
0 |
|
|a slo
|
| 044 |
|
|
|a xo
|c SK
|
| 080 |
|
|
|a 885.4 (497.1)-1
|2 1981
|
| 080 |
|
|
|a 886
|2 1981
|
| 100 |
1 |
|
|a Mučaji, Pavel,
|d 1929-2014
|4 aut
|9 159590
|
| 245 |
1 |
0 |
|a Rána na rovinách
|c Pavel Mučaji
|
| 650 |
0 |
7 |
|a básne lyrické
|2 snkbucl
|9 403933
|
| 650 |
0 |
7 |
|a literatúra slovenská
|z Juhoslávia
|2 snkbucl
|9 844238
|
| 655 |
|
7 |
|a články z novín a časopisov
|2 snkbucl
|9 267496
|
| 655 |
|
7 |
|a články z odboru literárna veda a krásna literatúra
|2 snkbucl
|9 770045
|
| 773 |
0 |
|
|t Nedeľná Pravda
|g Roč. 14, č. 45 (1981), s. /13/
|
| 850 |
|
|
|a Slovenská národná knižnica v Martine
|a MTA001
|
| 852 |
|
|
|a SNK
|b KIS3GCP
|
| 958 |
|
|
|a RK
|
| 958 |
|
|
|a LX
|
| 958 |
|
|
|a SK
|
| 992 |
|
|
|a RBX
|
| 999 |
|
|
|c 1628811
|d 1630741
|